[Event "Plzen op"]
[Site "Plzen"]
[Date "2021.08.25"]
[Round "4"]
[White "Kratky, Josef"]
[Black "Kubat, Miroslav"]
[Result "1/2-1/2"]
[WhiteElo "2058"]
[BlackElo "2012"]
[PlyCount "71"]
[EventDate "2021.08.23"]
[EventType "swiss"]
[EventRounds "9"]
[EventCountry "CZE"]
[SourceTitle "CBM 204 Extra"]
[Source "ChessBase"]
[SourceDate "2021.11.30"]
[SourceVersion "1"]
[SourceVersionDate "2021.11.30"]
[SourceQuality "1"]

1. d4 Nf6 2. g3 d5 3. Bg2 e6 4. Nf3 Be7 5. 0-0 0-0 6. c4 Nbd7 7. Qc2 c6 8. Nbd2 dxc4 9. Nxc4 Nb6 10. Nce5 Bd7 11. Rd1 Rc8 12. Nxd7 Nfxd7 13. e4 c5 14. Qe2 cxd4 15. Nxd4 Bc5 16. Nb3 Be7 17. Be3 Qc7 18. Rac1 Qb8 19. f4 Rxc1 20. Rxc1 Rc8 21. Qd2 Nf6 22. Rxc8+ Qxc8 23. h3 h6 24. Kh2 Qc4 25. Qd4 Qc2 26. Qc3 Qxc3 27. bxc3 Na4 28. c4 b6 29. e5 Nd7 30. Bc6 Ndc5 31. Bd4 Nxb3 32. axb3 Nc5 33. Bxc5 Bxc5 34. Kg2 Kf8 35. Kf3 h5 36. Ke4 1/2-1/2

[Event "Plzen Calliditas op"]
[Site "Plzen"]
[Date "2020.08.24"]
[Round "2"]
[White "Svanda, Radek"]
[Black "Kubat, Miroslav"]
[Result "1/2-1/2"]
[WhiteElo "1764"]
[BlackElo "2019"]
[PlyCount "120"]
[EventDate "2020.08.23"]
[EventType "swiss"]
[EventRounds "9"]
[EventCountry "CZE"]
[SourceTitle "CBM 198 Extra"]
[Source "ChessBase"]
[SourceDate "2020.11.30"]
[SourceVersion "1"]
[SourceVersionDate "2020.11.30"]
[SourceQuality "1"]

1. c4 e5 2. Nc3 Nc6 3. g3 g6 4. Bg2 Bg7 5. Nf3 f5 6. d3 Nf6 7. Bg5 0-0 8. Nd5 d6 9. 0-0 a5 10. a3 h6 11. Nxf6+ Bxf6 12. Bxh6 Rf7 13. h4 Bg7 14. Bxg7 Kxg7 15. Ng5 Rf6 16. e3 Ne7 17. f4 c6 18. Qb3 Ng8 19. d4 e4 20. Rfd1 Nh6 21. Bh3 Rb8 22. d5 c5 23. Qc3 Bd7 24. b4 b6 25. Rdb1 a4 26. bxc5 dxc5 27. Qe5 Nf7 28. Nxf7 Kxf7 29. Bf1 Be8 30. Rb2 Qd6 31. Rab1 Bd7 32. Be2 Kg7 33. Kf2 Kh6 34. Rg1 Re8 35. Qxd6 Rxd6 36. g4 Rf8 37. gxf5 gxf5 38. Rbb1 Be8 39. Rg5 Rdf6 40. Rbg1 Bg6 41. Bd1 Ra8 42. Be2 Raf8 43. Kg3 R8f7 44. h5 Bh7 45. Kh4 Rd7 46. Rb1 Rb7 47. Rgg1 Ra7 48. Rg5 Raf7 49. Rbg1 Rd7 50. Rd1 Rdf7 51. Bf1 Rd7 52. Bh3 Rdd6 53. Rg2 Rf7 54. Rb2 Ra7 55. Rdb1 Ra6 56. Rb5 Rf6 57. Rg1 Ra7 58. Rb2 Rd7 59. Rd2 Rfd6 60. Rg5 Rf7 1/2-1/2

[Event "Klatovy op-A"]
[Site "Klatovy"]
[Date "2007.07.08"]
[Round "9"]
[White "Kubat, Miroslav"]
[Black "Rezac, Jindrich"]
[Result "1/2-1/2"]
[WhiteElo "1942"]
[BlackElo "1768"]
[PlyCount "22"]
[EventDate "2007.06.30"]
[EventType "swiss"]
[EventRounds "9"]
[EventCountry "CZE"]
[SourceTitle "CBM 119 Extra"]
[Source "ChessBase"]
[SourceDate "2007.09.04"]
[SourceVersion "1"]
[SourceVersionDate "2007.09.04"]
[SourceQuality "1"]

1. e4 c5 2. Nc3 Nc6 3. g3 b6 4. Bg2 Bb7 5. Nge2 g6 6. 0-0 Bg7 7. d3 e6 8. Bf4 e5 9. Be3 Nge7 10. Qd2 0-0 11. Bh6 f5 1/2-1/2

[Event "Klatovy op-A"]
[Site "Klatovy"]
[Date "2007.06.30"]
[Round "1"]
[White "Kubat, Miroslav"]
[Black "Kubikova, Alena"]
[Result "1/2-1/2"]
[WhiteElo "1942"]
[BlackElo "2155"]
[PlyCount "57"]
[EventDate "2007.06.30"]
[EventType "swiss"]
[EventRounds "9"]
[EventCountry "CZE"]
[SourceTitle "CBM 119 Extra"]
[Source "ChessBase"]
[SourceDate "2007.09.04"]
[SourceVersion "1"]
[SourceVersionDate "2007.09.04"]
[SourceQuality "1"]

1. e4 e6 2. d4 d5 3. Nd2 dxe4 4. Nxe4 Nd7 5. Nf3 Ndf6 6. Nxf6+ Nxf6 7. Bd3 c5 8. dxc5 Bxc5 9. 0-0 Qb6 10. c3 Bd7 11. Qc2 Bb5 12. Bxb5+ Qxb5 13. Bg5 Be7 14. Rad1 0-0 15. Rfe1 Rad8 16. Bh4 Qa5 17. a3 Rxd1 18. Rxd1 Rd8 19. Rxd8+ Qxd8 20. Qd2 Qb6 21. Qc2 h6 22. h3 g5 23. Bg3 Bd6 24. Bxd6 Qxd6 25. Kf1 Qf4 26. Qd2 Qe4 27. Ne1 Nd5 28. Qd3 Qf4 29. Qe2 1/2-1/2

[Event "Klatovy op-B"]
[Site "Klatovy"]
[Date "2004.07.??"]
[Round "?"]
[White "Kubat, Miroslav"]
[Black "Vancat, Milan"]
[Result "0-1"]
[WhiteElo "1745"]
[BlackElo "1610"]
[PlyCount "68"]
[EventDate "2004.07.??"]
[EventType "swiss"]
[EventRounds "9"]
[EventCountry "CZE"]
[SourceTitle "EXT 2007"]
[Source "ChessBase"]
[SourceDate "2006.11.23"]
[SourceVersion "1"]
[SourceVersionDate "2006.11.23"]
[SourceQuality "1"]

1. e4 c5 2. Nc3 d6 3. f4 e6 4. Nf3 Ne7 5. d3 Nbc6 6. g3 g6 7. Bg2 Bg7 8. 0-0 0-0 9. Rb1 Bd7 10. h3 Nd4 11. Ne2 Nec6 12. c3 Nxf3+ 13. Bxf3 f5 14. g4 Rb8 15. Kh2 fxg4 16. hxg4 Qe7 17. Ng3 Rf7 18. Kg2 b5 19. Rh1 a5 20. Rh2 b4 21. c4 Nd4 22. Ne2 Nxf3 23. Kxf3 Rbf8 24. Kg2 Bc6 25. Ng3 d5 26. cxd5 exd5 27. Qe2 dxe4 28. dxe4 Re8 29. Kf3 Bd4 30. Bd2 Qb7 31. Re1 Bb5 32. Qd1 Bd3 33. Bxb4 Qxb4 34. Qxd3 Qxe1 0-1